Loading...
| Science - Biology | 1 | 2 | 0 | 0 | 35 | 64 | 81.00 | 0 | 3 |
| History - American History | 1 | 2 | 1 | 1 | 30 | 29 | 85.33 | 1 | 3 |
| History - European History | 0 | 2 | 0 | 0 | 20 | 84 | 99.50 | 0 | 0 |
| Current Events | 0 | 1 | 0 | 0 | 10 | 105 | 105.00 | 0 | 0 |
| Geography | 0 | 1 | 0 | 1 | 10 | 117 | 117.00 | 0 | 1 |
| Science - Other Science | 0 | 1 | 0 | 1 | 10 | 100 | 100.00 | 0 | 0 |
| Beliefs | 0 | 1 | 0 | 0 | 10 | 126 | 126.00 | 0 | 0 |
| Literature - World Literature | 0 | 1 | 0 | 0 | 10 | 140 | 140.00 | 0 | 0 |
| Social Science | 0 | 0 | 1 | 0 | -5 | 0.00 | 0 | 0 | |
| Literature - British Literature | 0 | 0 | 1 | 0 | -5 | 0.00 | 0 | 0 | |
| Auditory Arts | 0 | 0 | 1 | 0 | -5 | 0.00 | 0 | 0 |